| 000 | 00385nam a2200121 4500 | ||
|---|---|---|---|
| 999 |
_c12287 _d12287 |
||
| 008 | 190122b ||||| |||| 00| 0 eng d | ||
| 100 |
_934722 _aYuvienco, Jemps Gallegos |
||
| 245 |
_aHow healthy is your kids' digital diet?/ _cJemps Gallegos Yuvienco |
||
| 260 |
_aPhilippines _bPhilippine Daily Inquirerc _cc2018 |
||
| 300 | _apage C2. | ||
| 650 | 0 |
_934725 _aParenting. |
|
| 942 |
_2ddc _cPER |
||